Score 0/20 Timer 02:00
1 Play Today
Hint Missing Word % Correct
Eye of the _____Tiger
97.3%
The _____ Sleeps TonightLion
93.3%
Who Let the _____ Out?Dogs
92.8%
Stray _____ StrutCat
83.1%
Hungry Like the _____Wolf
81.5%
Free _____Bird
80.4%
I am the _____Walrus
69.1%
When _____ CryDoves
63.4%
_____ RockCrocodile
61.4%
Karma ______Chameleon
60.7%
Hint Missing Word % Correct
Brass _____Monkey
59.2%
_____ SoldierBuffalo
54.2%
Wild _____ Horses
45.2%
Rocky _____Raccoon
42.7%
Rock _____Lobster
41.9%
White _____Rabbit
39.3%
Bullet With ______ WingsButterfly
36.8%
War _____Pigs
30.5%
_____ on ParadeBulls
28.3%
_____ KingdomPossum
9%

Today's Daily Dose

Remove Ads.
Support Sporcle.
Get the best of Sporcle when you Go Orange. This ad-free experience offers more features, more stats, and more fun while also helping to support Sporcle. Thank you for becoming a member.

You're not logged in!

Compare scores with friends on all Sporcle quizzes.
OR
Log In

Show Comments

Extras

Top Quizzes Today


Score Distribution

Your Account Isn't Verified!

In order to create a playlist on Sporcle, you need to verify the email address you used during registration. Go to your Sporcle Settings to finish the process.

Report this User

Report this user for behavior that violates our Community Guidelines.

Details: